Educación a distancia /
Guardado en:
| Autor Principal: | |
|---|---|
| Formato: | Libro |
| Publicado: |
Buenos Aires :
Librería del Colegio,
1980
|
| Series: | Biblioteca Nueva Pedagogía
|
| Materias: | |
| Etiquetas: |
Agregar Etiqueta
Sin Etiquetas, Sea el primero en etiquetar este registro!
|
| LEADER | 00835nam a22002055a 4500 | ||
|---|---|---|---|
| 001 | CEM.cems008950 | ||
| 005 | 20090916112320.0 | ||
| 008 | 130507s1980##################000#0#####d | ||
| 003 | CEMS | ||
| 082 | 0 | 4 | |a 374.4 |
| 100 | 1 | |a Fainholc, Beatríz | |
| 245 | 1 | 0 | |a Educación a distancia / |c Beatriz Fainholc |
| 260 | |a Buenos Aires : |b Librería del Colegio, |c 1980 | ||
| 300 | |a 111 p. | ||
| 490 | 0 | |a Biblioteca Nueva Pedagogía | |
| 505 | 0 | |a Hacia una conceptualización de la educación no formal -- La educación a distancia -- La educación a distancia y la educación presencial -- El profesor en la educación a distancia -- La teleducación y la visión sistemática de la realidad | |
| 653 | |a Educación | ||
| 653 | |a Educación a distancia | ||
| 653 | |a Educación no formal | ||
| 859 | |a CEMS |b BIB. CEMS - 11 de abril |h 374.4 |i F16 |p 18515.95 |t Ej.1 | ||
